000 01355nam a2200301 a 4500
001 000046550
003 DO-SdBNP
005 20240302073951.0
007 ta
008 150224s1982 dr ac r 000 0 spa dr
040 _aDO-SdBNP
_bspa
_cBPHU
082 4 _a330.97293
_bC343h1982
_222
100 1 _aCassá, Roberto,
_d1948-
_910888
245 1 0 _aHistoria social y económica de la República Dominicana /
_cRoberto Cassá.
250 _a4. ed.
260 _aSanto Domingo :
_bCorripio,
_c1982.
300 _av. :
_bil., retrs. ;
_c28 cm.
500 _a
504 _aBibliografía : p. 191-197
505 _aAntecedentes europeos -- España medieval -- Los pobladores aborígenes -- Etapa colombina -- El período de Las Encomiendas --Transición al nuevo Modelo socio- económico -- La industria azucarera del Siglo XVI -- Siglo XVI -- Exportaciones registradas a Sevilla : segunda mitad del Siglo XVI -- La España Boba -- La revolución haitiana -- Consecuencias de la revolución haitiana
590 _aInventariado, 2018/ YL
651 4 _aRepública Dominicana
_xCondiciones económicas
_xHistoria
_91210
651 4 _aRepública Dominicana
_xCondiciones sociales
_xHistoria
_91211
651 4 _aRepública Dominicana
_xPoblación
_xHistoria
_91456
910 _aValidado. Control de calidad. MFF
942 _2ddc
_cLBS1
956 _aV M V.
999 _c46039
_d46039